Chile y la Isla de Pascua

Salvato in:
Dettagli Bibliografici
Autori principali: Beech, Charlotte (Autore), Attwooll, Jolyon (Autore), Carillet, Jean-Bernard (Autore), Kohnstamm, Thomas (Autore)
Natura: Libro
Lingua:spagnolo
Pubblicazione: Santiago Planeta S. A 2006
Edizione:3a. ed
Soggetti:
Tags: Aggiungi Tag
Nessun Tag, puoi essere il primo ad aggiungerne!!

MARC

LEADER 00000cam a2200000 a 4500
001 UCD6664
003 CL-VaPUC
008 170108e20060000cl |||||||||||||||||spa|d
020 |a 9788408064848 
082 0 4 |a 918.3  |b BEE  |2 21 
100 0 |a Beech, Charlotte  |e author  |9 590489 
700 0 |a Attwooll, Jolyon  |e author  |9 590490 
700 0 |a Carillet, Jean-Bernard  |e author  |9 590491 
700 0 |a Kohnstamm, Thomas  |e author  |9 590492 
245 1 0 |a Chile y la Isla de Pascua 
250 |a 3a. ed 
300 |a 512 p 
942 |c BK 
945 |d 20170108 00:10:00  |a dcastane 
260 |a Santiago  |b Planeta S. A  |c 2006 
650 0 |a Viajes  |9 257115 
650 0 |a Turismo  |9 308920 
651 7 |a CHILE  |2 CL-VaPUC  |9 590493 
583 |a last modification  |c 20170108 00:10:00  |k Rodrigo Vera 
999 |c 366891  |d 366889 
952 |0 0  |1 0  |3 erb  |4 0  |6 918_300000000000000_BEE_2006  |7 0  |8 C  |9 481527  |a BIBCUR  |b BIBCUR  |i 5359023  |l 1  |o 918.3 BEE 2006  |p 5359023  |r 2025-04-22  |s 2024-07-29  |w 2019-11-24  |y BK  |z Catalogado en:20170108  |k EXP